000
00275 a2200097 4500
020
_a
9789364873482
100
_a
T. Udayachandran
245
_a
Alkkottathinu naduvil(ആൾക്കൂട്ടത്തിനു നടുവിൽ)
260
_b
D C books
_c
2025
942
_c
OO
999
_c
115248
_d
115247